All Animal Collective Songs - Statistics

General Stats
  • This quiz has been taken 115 times
  • The average score is 145 of 491
Answer Stats
% Correct
Fire!
93%
Fireworks
92%
My Girls
92%
Summertime Clothes
88%
Brother Sport
86%
In the Flowers
86%
Peacebone
86%
#1
85%
Derek
81%
Bluish
80%
Chores
80%
Winter Wonder Land
80%
For Reverend Green
78%
Lion in a Coma
78%
Taste
78%
Who Could Win a Rabbit
78%
Alvin Row
76%
Banshee Beat
76%
Chocolate Girl
76%
Daily Routine
76%
Grass
76%
Leaf House
76%
Unsolved Mysteries
76%
Also Frightened
73%
Bros
73%
FloriDada
73%
Purple Bottle
73%
We Tigers
73%
What Would I Want? Sky
73%
Applesauce
71%
College
71%
Cuckoo Cuckoo
71%
Did You See the Words?
71%
No More Runnin'
71%
Untitled
71%
[untitled]
71%
Water Curses
71%
Bees
69%
Daffy Duck
69%
Guys Eyes
69%
Mr Noah
69%
Visiting Friends
69%
Flesh Canoe
68%
Honeycomb
68%
Honeycomb / Gotham - Animal Collective
68%
Kids on Holiday
68%
Loch Raven
68%
Man of Oil
68%
Prester John
68%
Turn Into Something
68%
Doggy
66%
Golden Gal
66%
Gotham
66%
Prospect Hummer
66%
Sleeper Factory / Doggie
66%
Spirit They've Vanished
66%
Winters Love
66%
Winter's Love
66%
Graze
64%
Mouth Wooed Her
64%
Sweet Road
64%
April And The Phantom
63%
Comfy in Nautica
63%
Good Girl / Carrots
63%
J / DR aw One for J (Live)
63%
Moonjock
63%
Street Flash
63%
Take Pills
63%
Amanita
61%
Cobwebs
61%
Gnip Gnop
61%
Gnip Gnop / Hounds of Bairro - Animal Collective
61%
I Remember Learning How to Dive
61%
Kinda Bonkers
61%
New Town Burnout
61%
Penny Dreadfuls
61%
People
61%
Today's Supernatural
59%
Bleed
58%
Crosswords
58%
Little Fang
58%
Monkey Riches
58%
Queen in my Pictures
58%
Bagels in Kiev
56%
Bat You'll Fly
56%
Car Keys
56%
Golden Chords
56%
On a Highway
56%
Rosie Oh
56%
The Softest Voice
56%
Essplode
54%
Father Time
54%
I Think I Can
54%
Pulleys
54%
Safer
54%
Seal Eyeing
54%
Slippi
54%
Wide Eyed
54%
Boys Latin
53%
La Rapet
53%
Playing the Long Game
53%
Tomboy
53%
Two Corvettes
53%
Whaddit I Done
53%
Cherokee
51%
Good Lovin Outside
51%
It's You
51%
Recycling
51%
Buoys
49%
Dragon Slayer
49%
Royal and Desire
49%
Tropic of Cancer
49%
A Manatee Dance
47%
Everyone Whistling
47%
I'm Not
47%
Mountain Game
47%
Pony Tail
47%
Tikwid
47%
Vertical
47%
Wastered
47%
You Can Count on Me
47%
Baleen Sample
46%
Hey Light
46%
Penguin Penguin
46%
Someday I'll Grow To Be As Tall As The Giant
46%
Infant Dressing Table
44%
Jimmy Mack
44%
Last Night at the Jetty
44%
Mercury Man
44%
Piggy Knows
44%
Pumpkin Gets A Snakebite
44%
Pumpkin Gets a Snakebite
44%
The Burglars
44%
Bridge to Quiet
42%
Dog Says Goodbye
42%
Dolphin
42%
Forest Gospel
42%
Go On
42%
Lying in the grass
42%
Native Belle
42%
Panic
42%
Strung With Everything
42%
Tipped in Hugs
42%
Tipped in Hugs / Dog Says Goodbye - Avey Tare
42%
Walker
42%
Danny's Jam
41%
De Soto De Son
41%
De Soto de Son
41%
Lablakely Dress
41%
Michael, Remember
41%
Michael, Remember / Danny's Jam - Animal Collective
41%
Moo Rah Rah Rain
41%
People (live)
41%
We Go Back
41%
Good House
39%
Screens
39%
Swallow at the Hollow
39%
The One That Got Away
39%
Wake My Door
39%
3 Umbrellas
37%
Baby Day
37%
Footy
37%
Hocus Pocus
37%
HORS_
37%
I Don't Need a Crowd
37%
I Don't Need a Crowd / The One That Got Away - Panda Bear
37%
Just am
37%
Surfer's Hymn
37%
Suspend the Time
37%
Two Sails
37%
Laughing Hieroglyphic
36%
Oliver Twist
36%
Pride And Fight
36%
Throwin' The Round Ball
36%
Danger
34%
Goalkeeper
34%
My Favorite Colors
34%
On Delay
34%
Passer-by
34%
Runnin' The Round Ball
34%
Two Sails On A Sound
34%
Ahhh Good Country
32%
Drone
32%
I See You Pan
32%
Peacemaker
32%
Saturdays (Again)
32%
Search for Delicious
32%
Slow Motion
32%
Summing the Wretch
32%
Too Soon
32%
Alsatian Darn
31%
Edge of the Edge
31%
Heather in the Hospital
31%
Part of the Math
31%
Token
31%
Crimson
29%
Harpy (Blue)
29%
Harpy (Red)
29%
Mr. Fingers
29%
Ms. Secret
29%
Natural Selection
29%
Pandemic Dream #4
29%
Rain in Cups
29%
The Living Toys
29%
Whirlpool
29%
Gettin’ to the Point
27%
In The Singing Box
27%
Jackson 5
27%
K.C. Yours
27%
Lucky 1
27%
Nostalgia in Lemonade
27%
Sequential Circuits
27%
Tantrum Barb
27%
Another White Singer (Little White Glove)
25%
DR aw one for J
25%
Seed Song
25%
Selection of a Place
25%
Spilling Guts
25%
The Preakness
25%
What Happened?
25%
Blue Noses
24%
Cosplay
24%
Flight
24%
Livin’ in the After
24%
Acid Wash
22%
Catchy (Was Contagious)
22%
Coral Lords
22%
Everyday
22%
Everything’s Been Leading to This
22%
In My Body
22%
Jabberwocky
22%
Meet The Light Child
22%
Penny Painting (Live)
22%
There's An Arrow
22%
Uncle Donut
22%
Amazonawana / Anaconda Opportunity
20%
Bad Crumbs
20%
Benfica
20%
Butcher Baker Candlestick Maker
20%
Covered in Frogs
20%
Friendship Bracelet
20%
Laughed for a World Filled With Fantasy
20%
Melody Unfair
20%
PJ
20%
Scheherazad
20%
Season High
20%
Shepard Tone
20%
What's the Goodside?
20%
A Sender
19%
Come to Your Senses
19%
Cranked
19%
Eyes on Eyes
19%
Ghost of Books
19%
Glass Bottom Boat
19%
Hair Cutter
19%
Hounds of Barrio
19%
Nod to the Folks
19%
Polly
19%
Shadow Mine
19%
Tell It To The Mountain
19%
Afterburner
17%
Boat Race
17%
Buffalo Tomato
17%
Chilly Blue
17%
Fried Camp
17%
Fried Vamp
17%
Lunch Out of Order Pt. 1
17%
Lunch Out of Order Pt. 2
17%
Modern Days E
17%
Remember Mayan
17%
Roamer
17%
Roses on the Window
17%
Strange Colores
17%
Sunset
17%
That It Won't Grow
17%
Bonfire of the Vanities
15%
Cemeteries
15%
Conference of Birds / Birds in Disguise - Avey Tare
15%
Country Report
15%
Heads Hammock
15%
Lonely Wanderer
15%
Master
15%
Part 1
15%
Part 2
15%
Shadow of the Colossus
15%
Sis Around the Sándmill
15%
When You Left Me
15%
Working
15%
Blind Babe
14%
Don't Believe the Pilot
14%
Green Beans
14%
In Pieces
14%
Pumpkin's Funeral
14%
Selection of a Place (Rio Negro Version)
14%
Selfish Gene
14%
Sports in July
14%
Taken Boy
14%
Call Home (Buy Grapes)
12%
Coral Realization
12%
Davy Jones' Locker
12%
Disc One
12%
Enjoy the Change
12%
Jailhouse
12%
Jake and Me
12%
Principe Real
12%
Pumpkin's Hallucination
12%
Satin Orb Wash
12%
Sux-Bier Passage
12%
This Side of Paradise
12%
Trikid
12%
Cows on Hourglass Pond
10%
Crumbling Land
10%
Duplex Trip
10%
Foetus No-Man
10%
Ice Cream Factory
10%
Red Light Water Show
10%
Sasong
10%
What’s on the Road? It’s Shining
10%
Buxom
8%
I Know I Don't Know
8%
Inner Monologue
8%
Jimmy Raven
8%
Midnight Special
8%
Misused Barber
8%
Palenka
8%
Sand That Moves
8%
The Outlaw
8%
Untying the Knot
8%
Urban Creme
8%
Was Ónaíp
8%
Who Knows?
8%
Abyss Song (Abby's Song)
7%
Airpipe (To a New Transition)
7%
Autumn Rites
7%
Bleeding
7%
Coral by Numbers
7%
Faces in the Crowd
7%
Hey Friend
7%
Home Free
7%
Jungle Heat
7%
Kindle Song
7%
Opís Helpus
7%
Our Little Chapter
7%
Spider Bit My Lady
7%
We Built a Robot
7%
Winter in St. Moritz
7%
Ark/Here Comes the Indian - Animal Collective
5%
Best of Times (Worst of All)
5%
Coral Understanding
5%
Crocodiles And Zebras
5%
Crosswords (EP Mix)
5%
Inspector Gadget
5%
Mess Hour House
5%
Ohne Titel
5%
On the Farm
5%
O Please Bring Her Back
5%
Palythoa
5%
Your Card
5%
A Lover Once Can No Longer Now Be a Friend
3%
Circuit Spread
3%
Crescendo
3%
Half Southern / Extreme Weather
3%
Hip Sponge
3%
Inside a Great Stadium and a Running Race
3%
Mich mit einer Mond
3%
No Mans Land
3%
Somersaults
3%
Sometimes When It Hurts Bad Enough It Feels Like This
3%
Stretching Songs for Spring
3%
Wake Up Ryan
3%
Who Wellses in My Hoff
3%
Young Prayer #2
3%
Ain't Got No Troubles
2%
A Musician and a Filmmaker
2%
Benz’s Dream
2%
Cotton Candy Sky (Dead God Theme)
2%
Eye in the Sky
2%
Lady on the Lake
2%
Lay Lay Off, Faselam
2%
Lundsten Coral
2%
Ms. Secret (Deakin Remix)
2%
Oh California
2%
Paper Forehead
2%
Tape Player Chants for Winter
2%
White Sands
2%
Zapata Falls
2%
Zoombloom
2%
A Day with the Homies - Panda Bear
0%
Animal Crack Box
0%
Ballad of Reverend War Character
0%
Ballad of Reverend War Character - Animal Collective
0%
Boxing & Breathing
0%
Breezeblock Session - Animal Collective
0%
Bridge to Quiet - Animal Collective
0%
Buoys - Panda Bear
0%
Campfire Songs - Animal Collective
0%
Centipede Hz - Animal Collective
0%
Centipede Hz Non-Album Singles
0%
Crestone - Animal Collective
0%
Crosswords - Panda Bear
0%
Danse Manatee - Animal Collective
0%
Dome Yard
0%
Do the Nurse
0%
Down There - Avey Tare
0%
EBS
0%
Enter the Slasher House - Avey Tare's Slasher Flicks
0%
Essence of Eucalyptus - Avey Tare
0%
Eucalyptus - Avey Tare
0%
Fall Be Kind - Animal Collective
0%
Feels - Animal Collective
0%
Feels Non-Album Singles
0%
Harpy Sketches - Deakin
0%
Hollinndagain - Animal Collective
0%
Homebase - Panda Bear
0%
Iko Ovo
0%
Keep + Animal Collective
0%
Liebe auf den Ersten Blick
0%
Live at Music Box Village
0%
Live in the Land of the Sky - Geologist
0%
Meeting of the Waters - Animal Collective
0%
Melody Unfair (Panda Bear Remix)
0%
Merriweather Post Pavilion - Animal Collective
0%
Merriweather Post Pavilion Non-Album Singles
0%
Mountain Game - Animal Collective
0%
Mr. Noah - Panda Bear
0%
New Psycho Actives Vol. 2 - Autumn Rites - Animal Collective
0%
New Psycho Actives Vol. 2 - Summer Blaze - Animal Collective
0%
New Psycho Activities Vol. 1 - Animal Collective
0%
ODDSAC - Animal Collective
0%
Oh Sweet
0%
Over the Sangre de Christo
0%
Painting With - Animal Collective
0%
Panda Bear Meets the Grim Reaper - Panda Bear
0%
Pandemic Dream #4 - Avey Tare
0%
Penny Painting (Live) - Automine
0%
People - Animal Collective
0%
Person Pitch - Panda Bear
0%
Playing the Long Game - Panda Bear
0%
Prospect Hummer - Animal Collective and Vashanti Bunyan
0%
Pullhair Rubeye - Avey Tare & Kría Brekkan
0%
Ramshack
0%
Reset - Panda Bear & Sonic Boom
0%
Sad Boy Sleeping
0%
Scavengers
0%
Sleep Cycle - Deakin
0%
Sloppy’s Dream
0%
Smoke & Broken Mirror
0%
Spirit They're Gone, Spirit They've Vanished - Animal Collective
0%
Split #16 Dave - Grubbs/Avey Tare
0%
Strawberry Jam -Animal Collective
0%
Strawberry Jam Non-Album Singles
0%
Summer Blaze - New Psycho Actives
0%
Sung Tong Non-Album Singles
0%
Sung Tongs - Animal Collective
0%
Suspend the Time - Animal Collective
0%
Swallow at the Hollow - Panda Bear
0%
Tangerine Reef - Animal Collective
0%
The Painters - Animal Collective
0%
Time Skiffs - Animal Collective
0%
Tomboy - Panda Bear
0%
Transverse Temporal Gyrus - Animal Collective
0%
Visit the Dojo (Slasher Flicks Demo)
0%
Visit the Dojo (Slasher Flicks Demo) - Avey Tare
0%
Wake My Door - Avey Tare
0%
Wastered - Black Dice/Animal Collective
0%
Water Curses - Animal Collective
0%
When You Left Me (Geologist Remix)
0%
Young Prayer - Panda Bear
0%
No matching quizzes found
Score Distribution
Percent of People with Each Score
Percentile by Number Answered
Your Score History
You have not taken this quiz